Statistiken für VK Städte Karten-Quiz

Klicken Sie hier um das Quiz zu spielen!

Allgemein

  • Dieses Quiz wurde 561 mal gespielt
  • Das Durchschnittsergebnis liegt bei 9 aus 21

Antworten auf der Karte

Die Antworten werden auf der Karte rot bzw. grün angezeigt, abhängig davon wie oft sie richtig erraten wurden.
 

Antwortstatistiken

Antwort% Korrekt
London
93%
Cardiff
54%
Manchester
54%
Belfast
53%
Liverpool
53%
Glasgow
52%
Dover
50%
Edinburgh
49%
Plymouth
44%
Newcastle
40%
Aberdeen
39%
Birmingham
39%
Brighton
38%
Bristol
36%
Kirkwall
33%
Oxford
32%
Londonderry / Derry
30%
Inverness
27%
Douglas
26%
Norwich
25%
York
24%

Verteilung der Resultate

Perzentil nach korrekt beantworteten Fragen

Anzahl Personen mit jedem Resultat

Ihre Resultats-Entwicklung

Sie haben dieses Quiz noch nicht gespielt